| 000 | 00375nam a2200157Ia 4500 | ||
|---|---|---|---|
| 008 | 130318s9999 xx 000 0 und d | ||
| 020 | _a9788177229400 | ||
| 082 | _a005.7585S DES/S | ||
| 100 | _aDeshpande, P.S | ||
| 245 | _aSQL and PL/SQL for Oracle 11g | ||
| 260 |
_bDream Tech _aNew Delhi _c2011 |
||
| 300 | _a864 | ||
| 650 | _aORACLE | ||
| 650 | _aPL/SQL | ||
| 650 | _aSQL | ||
| 999 |
_c1937 _d1937 |
||